[Event "Penang op-A 5th"]
[Site "Penang"]
[Date "2013.12.11"]
[Round "5"]
[White "Ng, Shi Yang"]
[Black "Lim, Ming Kang"]
[Result "1/2-1/2"]
[WhiteElo "1612"]
[BlackElo "1584"]
[PlyCount "47"]
[EventDate "2013.12.09"]
[EventType "swiss"]
[EventRounds "9"]
[EventCountry "MAS"]
[SourceTitle "CBM 157 Extra"]
[Source "ChessBase"]
[SourceDate "2013.12.19"]
[SourceVersion "1"]
[SourceVersionDate "2013.12.19"]
[SourceQuality "1"]

1. e4 e6 2. d4 d5 3. Nc3 Bb4 4. e5 Ne7 5. f4 Bxc3+ 6. bxc3 c5 7. Nf3 b6 8. Bb5+ Bd7 9. Bxd7+ Nxd7 10. 0-0 c4 11. Ba3 0-0 12. Kh1 Re8 13. g4 f5 14. Bxe7 Qxe7 15. gxf5 exf5 16. Rg1 Nf8 17. a4 Ne6 18. Qd2 Kh8 19. Ng5 Nxg5 20. Rxg5 g6 21. Qg2 Qe6 22. h4 Rab8 23. Rg3 Kg7 24. h5 1/2-1/2

[Event "Kuala Lumpur DYTM op"]
[Site "Kuala Lumpur"]
[Date "2012.09.18"]
[Round "2"]
[White "Setyaki, Azarya Jodi"]
[Black "Lim, Ming Kang"]
[Result "1-0"]
[WhiteElo "1928"]
[BlackElo "1625"]
[PlyCount "49"]
[EventDate "2012.09.18"]
[EventType "swiss"]
[EventRounds "9"]
[EventCountry "MAS"]
[SourceTitle "CBM 150 Extra"]
[Source "ChessBase"]
[SourceDate "2012.10.19"]
[SourceVersion "1"]
[SourceVersionDate "2012.10.19"]
[SourceQuality "1"]

1. e4 e6 2. d4 d5 3. Nc3 Nf6 4. Bg5 Be7 5. e5 Nfd7 6. h4 0-0 7. Bd3 g6 8. Nce2 Re8 9. Nf4 Bxg5 10. hxg5 Kg7 11. Nh5+ Kh8 12. Nf6 Nxf6 13. gxf6 Nd7 14. Qf3 Kg8 15. Ne2 c5 16. 0-0-0 cxd4 17. Bxg6 Nxe5 18. Bxh7+ Kf8 19. Be4 Ng6 20. Bxg6 fxg6 21. Rh8+ Kf7 22. Rh7+ Kf8 23. Qf4 Kg8 24. Rg7+ Kf8 25. Rh1 1-0